LEADER 02065nam0 2200469 i 450 001 VAN0126845 005 20230626021619.305 017 70$2N$a9783030180614 100 $a20200217d2019 |0itac50 ba 101 $aeng 102 $aCH 105 $a|||| ||||| 200 1 $aEinstein Equations: Physical and Mathematical Aspects of General Relativity$eDomoschool 2018$fSergio Cacciatori, Batu Güneysu, Stefano Pigola editors 210 $aCham$cBirkhäuser$d2019 215 $axiv, 357 p.$cill.$d24 cm 410 1$1001VAN0124113$12001 $aTutorials, Schools, and Workshops in the Mathematical Sciences$1210 $aCham$cBirkhäuser 500 1$3VAN0236751$aEinstein Equations: Physical and Mathematical Aspects of General Relativity$91732447 606 $a83Cxx$xGeneral relativity [MSC 2020]$3VANC023561$2MF 610 $aBianchi universe$9KW:K 610 $aBlack Hole Stability$9KW:K 610 $aConstraint equations$9KW:K 610 $aEinstein equations$9KW:K 610 $aGeneral Relativity$9KW:K 610 $aGravitational Waves$9KW:K 610 $aGravitational shielding$9KW:K 610 $aLIGO$9KW:K 610 $aMixmaster universe$9KW:K 610 $aPositive Mass Theorem$9KW:K 610 $aVirgo$9KW:K 620 $aCH$dCham$3VANL001889 702 1$aCacciatori$bSergio$3VANV098253 702 1$aGüneysu$bBatu$3VANV095737 702 1$aPigola$bStefano$3VANV098254 712 $aBirkhäuser $3VANV108193$4650 801 $aIT$bSOL$c20230630$gRICA 856 4 $uhttp://doi.org/10.1007/978-3-030-18061-4$zE-book ? Accesso al full-text attraverso riconoscimento IP di Ateneo, proxy e/o Shibboleth 899 $aBIBLIOTECA DEL DIPARTIMENTO DI MATEMATICA E FISICA$1IT-CE0120$2VAN08 912 $fN 912 $aVAN0126845 950 $aBIBLIOTECA DEL DIPARTIMENTO DI MATEMATICA E FISICA$d08CONS e-book 1566 $e08eMF1566 20200217 996 $aEinstein Equations: Physical and Mathematical Aspects of General Relativity$91732447 997 $aUNICAMPANIA LEADER 01322nam2 2200325 i 450 001 VAN00055928 005 20250306024606.552 010 $a88-371-0424-3 010 $a978-88-371-0424-5 100 $a20061114d1989 |0itac50 ba 101 $aita 102 $aIT 105 $a|||| ||||| 200 0 $a2$fGiorgio Ferrarese, Luigi Stazi 205 $a2. ed 210 $aBologna$cPitagora$d1989 215 $aP. IX, 344-654$cill.$d24 cm 461 1$1001VAN00055916$12001 $aLezioni di meccanica razionale$fGiorgio Ferrarese, Luigi Stazi$1205 $a2. ed$1210 $aBologna$cPitagora$1215 $avolumi$d24 cm$v2 606 $a70-XX$xMechanics of particles and systems [MSC 2020]$3VANC021390$2MF 620 $dBologna$3VANL000003 700 1$aFerrarese$bGiorgio$3VANV044417$042165 701 1$aStazi$bLuigi$3VANV044418$0344835 712 $aPitagora $3VANV108147$4650 801 $aIT$bSOL$c20250307$gRICA 856 4 $u/sebina/repository/catalogazione/documenti/ID 55928.pdf$zID 55928.pdf 899 $aBIBLIOTECA DEL DIPARTIMENTO DI MATEMATICA E FISICA$1IT-CE0120$2VAN08 912 $aVAN00055928 950 $aBIBLIOTECA DEL DIPARTIMENTO DI MATEMATICA E FISICA$d08PREST 70-XX 1365 $e08 2081 II 20061114 996 $a2$93870635 997 $aUNICAMPANIA